000 00762nam a2200277 i 4500
001 C2-0327232
003 PPAK
005 20180728124913.0
008 140603s2014 my a|||| ||||| | eng d
020 _a9789835966644
040 _aPPAK
_beng
_cPPAK
_erda
082 0 4 _a507.6
_223
090 0 0 _a507.6
_bFAU
_dRK
100 0 _aFaujan H. Ahmad,
_eauthor
245 1 0 _aScience
264 1 _aPetaling Jaya, Selangor :
_bSasbadi ,
_c2014
300 _a392 pages :
_bcolour illustrations ;
_c26 cm.
336 _2rdacontent
_atext
337 _2rdamedia
_aunmediated
338 _2rdacarrier
_avolume
490 1 _aNexus tuntas UPSR
650 1 0 _aScience - Problems, exercises, etc.
700 _eauthor
830 0 _aNexus tuntas UPSR
942 _ddc
_cB
999 _c126797
_d126797